MARC

LEADER 00000nam0a2200000 4500
001 349362
005 20231102010208.0
010 |a 5217009888 
020 |a RU  |b 90-73669 
035 |a (RuTPU)RU\TPU\retro\1506 
090 |a 349362 
100 |a 20180507d1990 km y0rusy5003 ca 
101 0 |a rus 
102 |a RU 
105 |a a z 001zy 
200 1 |a Крепление оптических деталей эластичными материалами  |f Б. Ф. Каледин 
210 |a Москва  |c Машиностроение  |d 1990 
215 |a 159 с.  |c ил.  |d 21 см 
225 1 |a Библиотека приборостроителя 
320 |a Библиогр.: с. 156-157 (23 назв.) 
606 1 |a Оптические детали  |x Крепление клеевое  |2 stltpush  |3 (RuTPU)RU\TPU\subj\47203  |9 66261 
606 1 |a Герметики  |2 stltpush  |3 (RuTPU)RU\TPU\subj\38602  |9 59021 
610 1 |a оправы 
610 1 |a эластичное крепление 
610 1 |a адгезия 
610 1 |a технологические процессы 
610 1 |a зеркала 
610 1 |a разгрузочные устройства 
675 |a 681.7.02  |z rus  |v 3 
675 |a 62-7  |z rus  |v 3 
700 1 |a Каледин  |b Б. Ф.  |g Борис Федорович  |4 070 
801 0 |a RU  |b RuMRKP  |c 19950417  |g psbo 
801 1 |a RU  |b 63413507  |c 20180507 
801 2 |a RU  |b 63413507  |c 20180507  |g RCR 
942 |c BK